<?xml version="1.0" encoding="UTF-8"?>
<marc:record xmlns:marc="http://www.loc.gov/MARC21/slim">
   <marc:leader>00000nam a2200000 a 4500</marc:leader>
   <marc:datafield ind1="1" ind2=" " tag="100">
      <marc:subfield code="a">Rosenshein, Beth</marc:subfield>
      <marc:subfield code="4">aut</marc:subfield>
      <marc:subfield code="e">Verfasser/-in</marc:subfield>
   </marc:datafield>
   <marc:datafield ind1=" " ind2=" " tag="653">
      <marc:subfield code="a">Klimakterium</marc:subfield>
   </marc:datafield>
   <marc:datafield ind1=" " ind2=" " tag="653">
      <marc:subfield code="a">Hormontherapie</marc:subfield>
   </marc:datafield>
   <marc:datafield ind1=" " ind2=" " tag="653">
      <marc:subfield code="a">Postmenopause</marc:subfield>
   </marc:datafield>
   <marc:datafield ind1=" " ind2=" " tag="653">
      <marc:subfield code="a">Ratgeber</marc:subfield>
   </marc:datafield>
   <marc:datafield ind1="0" ind2="0" tag="245">
      <marc:subfield code="a">Wechseljahre - nein danke!</marc:subfield>
   </marc:datafield>
   <marc:datafield ind1="0" ind2="0" tag="245">
      <marc:subfield code="b">wie Sie die Menopause risikofrei mit naturidentischen Hormonen vermeiden und rückgängig machen können</marc:subfield>
   </marc:datafield>
   <marc:datafield ind1="0" ind2="0" tag="245">
      <marc:subfield code="c">Beth Rosenshein</marc:subfield>
   </marc:datafield>
   <marc:datafield ind1=" " ind2="1" tag="264">
      <marc:subfield code="a">Kirchzarten bei Breisgau</marc:subfield>
      <marc:subfield code="b">VAK-Verl.-GmbH</marc:subfield>
      <marc:subfield code="c">2008</marc:subfield>
   </marc:datafield>
   <marc:datafield ind1="1" ind2=" " tag="520">
      <marc:subfield code="a">Angaben aus der Verlagsmeldung

Wechseljahre - nein danke! : Wie Sie die Menopause risikofrei mit naturidentischen Hormonen vermeiden und rückgängig machen können Preventing Menopause. How to Stop Menopause Before It Starts / von Beth Rosenshein

Bislang galt sie als unvermeidbar – die Menopause. Von ärztlicher Seite ist keine Hilfe zu erwarten: Frau entscheidet sich entweder für eine künstliche Hormon-Ersatz-Therapie und nimmt ein erhöhtes Krebsrisiko in Kauf, oder sie entscheidet sich dagegen – und muss mit den zahlreichen gesundheitlichen Problemen leben, die sich dann einstellen: Herz-Kreislauf- und Stoffwechselerkrankungen, Krebs, Tinnitus, Schwindel, Osteoporose, Gewichtszunahme, trockene Haut und Schleimhäute, Magen-Darm-Erkrankungen, erhöhte Cholesterinwerte, Inkontinenz, Muskelschwund, Schlafprobleme, Haarausfall, Angstzustände, Depressionen u.v.a.m.
Dass es auch anders – und risikolos! – geht, erklärt die Autorin in diesem Buch: Mithilfe naturidentischer Hormone, die unseren körpereigenen Hormonen 1:1 entsprechen (und nicht nur ähneln), können Frauen das Ausbleiben ihrer Menstruation verhindern und so die Wechseljahre umgehen. Aber auch Frauen, die die Menopause bereits hinter sich haben, können die Uhr zurückdrehen und wieder beschwerdefrei werden.
Die Methode ist einfach: Ein Hormonstatus beim Arzt gibt Auskunft über aktuelle Blutwerte. Anschließend wird nur so viel Östrogen, Progesteron und Testosteron in Form von naturidentischen Hormonen ersetzt, wie dem Körper bisher fehlte – nicht mehr und nicht weniger!
</marc:subfield>
   </marc:datafield>
   <marc:datafield ind1=" " ind2=" " tag="020">
      <marc:subfield code="a">9783867310321</marc:subfield>
      <marc:subfield code="9">9783867310321</marc:subfield>
   </marc:datafield>
   <marc:datafield ind1=" " ind2=" " tag="300">
      <marc:subfield code="a">141 S.</marc:subfield>
   </marc:datafield>
</marc:record>
